| 000 | 00372nam a22001577a 4500 | ||
|---|---|---|---|
| 999 |
_c532195 _d532195 |
||
| 003 | NUST | ||
| 005 | 20191112122355.0 | ||
| 020 | _a8170419433 | ||
| 024 | _a9788170419433 | ||
| 038 | _aMSOHAIL | ||
| 082 | _a0 | ||
| 100 |
_aU.B. Chopra _925546 |
||
| 245 | _aBasic Facts On Civil Engineering | ||
| 260 |
_aIndia _bAnmol Publications Pvt. Limited _cp;334 |
||
| 942 |
_2ddc _cBK |
||